书目信息 |
| 题名: |
水利水电工程监理实施细则范例
|
|
| 作者: | 姜和平 , 陈昌杰 , 陈惠忠 编著 | |
| 分册: | ||
| 出版信息: | 北京 中国水利水电出版社 2005.06 |
|
| 页数: | 173页 | |
| 开本: | 26cm | |
| 丛书名: | ||
| 单 册: | ||
| 中图分类: | TV512 | |
| 科图分类: | ||
| 主题词: | 水力发电工程--shui li fa dian gong cheng--监督管理--细则 , 水力工程--shui li gong cheng--监督管理--细则 | |
| 电子资源: | ||
| ISBN: | 7-5084-2834-X | |
| 000 | 01206nam0 2200265 450 | |
| 001 | 012007307882 | |
| 005 | 20070924101318.45 | |
| 010 | @a7-5084-2834-X@dCNY32.00 | |
| 100 | @a20070817d2005 km y0chiy0120 ea | |
| 101 | 0 | @achi |
| 102 | @aCN@b110000 | |
| 105 | @ay z 000yy | |
| 200 | 1 | @a水利水电工程监理实施细则范例@Ashui li shui dian gong cheng jian li shi shi xi ze fan li@f陈惠忠, 姜和平, 陈昌杰等编著@Fchen hui zhong,jiang he ping,chen chang jie deng bian zhu |
| 210 | @a北京@c中国水利水电出版社@d2005.06 | |
| 215 | @a173页@d26cm | |
| 300 | @a南京水利科学研究院出版基金支助项目 | |
| 330 | @a本书是依据国家及水利水电行业的现行监理规定规范和标准精心编写而成,部分内容借鉴和吸收了我国建筑、电力、交通等其他行业工程建设监理的先进理论和实践。本书由水利水电行业常用的专业监理实施细则共24章。包括《安全监理实施细则》、《设计、图纸审核监理实施细则》等二十四章内容。 | |
| 606 | 0 | @a水力发电工程@Ashui li fa dian gong cheng@x监督管理@x细则 |
| 606 | 0 | @a水力工程@Ashui li gong cheng@x监督管理@x细则 |
| 690 | @aTV512@v4 | |
| 701 | 0 | @a姜和平@Ajiang he ping@4编著 |
| 701 | 0 | @a陈昌杰@Achen chang jie@4编著 |
| 701 | 0 | @a陈惠忠@Achen hui zhong@4编著 |
| 801 | 0 | @aCN@c20070924 |
| 905 | @dTV512@eC449 | |
| 水利水电工程监理实施细则范例/陈惠忠, 姜和平, 陈昌杰等编著.-北京:中国水利水电出版社,2005.06 |
| 173页;26cm |
| 南京水利科学研究院出版基金支助项目 |
| ISBN 7-5084-2834-X:CNY32.00 |
| 本书是依据国家及水利水电行业的现行监理规定规范和标准精心编写而成,部分内容借鉴和吸收了我国建筑、电力、交通等其他行业工程建设监理的先进理论和实践。本书由水利水电行业常用的专业监理实施细则共24章。包括《安全监理实施细则》、《设计、图纸审核监理实施细则》等二十四章内容。 |
| ● |
| 相关链接 |
|
|
|
正题名:水利水电工程监理实施细则范例
索取号:TV512/C449
 
预约/预借
| 序号 | 登录号 | 条形码 | 馆藏地/架位号 | 状态 | 备注 |
| 1 | 258966 | 202589662 | 自科库501/501自科库 78排1列2层/ [索取号:TV512/C449] | 在馆 | |
| 2 | 258967 | 202589671 | 自科库501/501自科库 78排1列2层/ [索取号:TV512/C449] | 在馆 |